Statistics for Lana Del Rey - Love Lyrics

Click here to take the quiz!

General Stats

  • This quiz has been taken 23 times
    (22 since last reset)
  • The average score is 265 of 303

Answer Stats

Answer% Correct
and
100%
And
100%
be
100%
'cause
100%
'Cause
100%
dressed
100%
enough
100%
get
100%
go
100%
I
100%
in
100%
lo
100%
lo-
100%
love
100%
music
100%
part
100%
the
100%
The
100%
to
100%
To
100%
up
100%
you
100%
You
100%
young
100%
your
100%
you're
100%
You're
100%
at
95%
baby
95%
but
95%
But
95%
coffee
95%
crazy
95%
don't
95%
Don't
95%
it
95%
It
95%
it's
95%
It's
95%
just
95%
Look
95%
me
95%
of
95%
particular
95%
shop
95%
vintage
95%
with
95%
worry
95%
all
89%
Back
89%
kids
89%
make
89%
now
89%
ready
89%
feel
84%
For
84%
know
84%
nowhere
84%
(Ah
79%
ah
79%
ah)
79%
blues
79%
can
79%
coolest
79%
doesn't
79%
Doesn't
79%
I'm
79%
is
79%
matter
79%
past
79%
things
79%
work
79%
confusin'
74%
future
74%
not
74%
or
74%
so
74%
that
74%
come
68%
if
68%
mean
68%
abuse
63%
can't
63%
cruisin'
63%
should
63%
yours
63%
Sometimes
58%
world
58%
much
53%
refuse
53%
while
53%
could
47%
crossing
47%
Signals
47%
through
47%
Comin'
42%
Mmm
42%
satellites
37%
Though
37%
Seen
32%

Score Distribution

Percentile by Number Answered

Percent of People with Each Score

Your Score History

You have not taken this quiz since the last reset